<?xml version="1.0" encoding="UTF-8"?><?xml-stylesheet type="text/xsl" href="static/style.xsl"?><OAI-PMH xmlns="http://www.openarchives.org/OAI/2.0/" xmlns:xsi="http://www.w3.org/2001/XMLSchema-instance" xsi:schemaLocation="http://www.openarchives.org/OAI/2.0/ http://www.openarchives.org/OAI/2.0/OAI-PMH.xsd"><responseDate>2026-04-17T05:26:21Z</responseDate><request verb="GetRecord" identifier="oai:www.recercat.cat:2117/87394" metadataPrefix="marc">https://recercat.cat/oai/request</request><GetRecord><record><header><identifier>oai:recercat.cat:2117/87394</identifier><datestamp>2026-02-09T05:50:22Z</datestamp><setSpec>com_2072_1033</setSpec><setSpec>col_2072_452950</setSpec></header><metadata><record xmlns="http://www.loc.gov/MARC21/slim" xmlns:dcterms="http://purl.org/dc/terms/" xmlns:xsi="http://www.w3.org/2001/XMLSchema-instance" xmlns:doc="http://www.lyncode.com/xoai" xsi:schemaLocation="http://www.loc.gov/MARC21/slim http://www.loc.gov/standards/marcxml/schema/MARC21slim.xsd">
   <leader>00925njm 22002777a 4500</leader>
   <datafield ind2=" " ind1=" " tag="042">
      <subfield code="a">dc</subfield>
   </datafield>
   <datafield ind2=" " ind1=" " tag="720">
      <subfield code="a">Espinoza Barreras, Fortunato</subfield>
      <subfield code="e">author</subfield>
   </datafield>
   <datafield ind2=" " ind1=" " tag="720">
      <subfield code="a">Caselles Magallón, Josep Oriol</subfield>
      <subfield code="e">author</subfield>
   </datafield>
   <datafield ind2=" " ind1=" " tag="720">
      <subfield code="a">Mena Hernández, Ulises</subfield>
      <subfield code="e">author</subfield>
   </datafield>
   <datafield ind2=" " ind1=" " tag="720">
      <subfield code="a">Cruz, De La  S T</subfield>
      <subfield code="e">author</subfield>
   </datafield>
   <datafield ind2=" " ind1=" " tag="720">
      <subfield code="a">Pujades Beneit, Lluís</subfield>
      <subfield code="e">author</subfield>
   </datafield>
   <datafield ind2=" " ind1=" " tag="720">
      <subfield code="a">Canas Torres, José Antonio</subfield>
      <subfield code="e">author</subfield>
   </datafield>
   <datafield ind2=" " ind1=" " tag="720">
      <subfield code="a">Clapés Boixader, Jaime</subfield>
      <subfield code="e">author</subfield>
   </datafield>
   <datafield ind2=" " ind1=" " tag="260">
      <subfield code="c">1999-12</subfield>
   </datafield>
   <datafield ind2=" " ind1=" " tag="520">
      <subfield code="a">El ruido cultural o vibración ambiental se genera por el hombre debido a la maquinaria industrial, por el tráfico de vehículos, por el viento, por cambios en presión atmosférica, por actividad volcánica interna, etcétera, y se utiliza para determinar características dinámicas de suelos y estructuras entre otras aplicaciones. Las pruebas de víbración ambiental tienen la ventaja de ser eficientes, rápidas y de bajo coste. La información lograda permite mejorar el proceso de construcción de modelos matemáticos de sistemas dinámicos realizando un ajuste de sus parámetros de tal manera que se establezca la mejor correlación posible entre las respuestas predichas por el modelo y las obtenidas experimentalmente. La frecuencia natural o su inverso, el periodo propio, es de entre las características dinámicas, el parámetro más importante para la estimación de las condiciones físicas de las&#xd;
estructuras. En la ciudad de Barcelona se está realizando un estudio para determinar los periodos propios de los edificios utilizando vibración ambiental como fuente de excitación.&#xd;
En este trabajo se presentan los resultados obtenidos al realizar mediciones durante tres etapas de la construcción de un edificio mixto, de hormigón armado y acero, de ocho niveles. Se busca determinar la influencia de los elementos no estructurales analizando el comportamiento del periodo propio. Los resultados preliminares muestran que el periodo disminuye a medida que se incorporan elementos no estructurales al edificio, indicando un aumento de su rigidez.</subfield>
   </datafield>
   <datafield ind2=" " ind1=" " tag="520">
      <subfield code="a">Postprint (published version)</subfield>
   </datafield>
   <datafield tag="653" ind2=" " ind1=" ">
      <subfield code="a">Àrees temàtiques de la UPC::Enginyeria civil::Geotècnia::Sismologia</subfield>
   </datafield>
   <datafield tag="653" ind2=" " ind1=" ">
      <subfield code="a">Seismology--Spain--Catalonia</subfield>
   </datafield>
   <datafield tag="653" ind2=" " ind1=" ">
      <subfield code="a">Sismologia -- Catalunya -- Barcelona</subfield>
   </datafield>
   <datafield ind2="0" ind1="0" tag="245">
      <subfield code="a">Variación del periodo propio de un edificio durante su construcción</subfield>
   </datafield>
</record></metadata></record></GetRecord></OAI-PMH>